LEADER 01553nam 2200481 450 001 9910584480703321 005 20221231132708.0 010 $a3-031-06628-6 035 $a(MiAaPQ)EBC7046168 035 $a(Au-PeEL)EBL7046168 035 $a(CKB)24267860900041 035 $a(PPN)263900371 035 $a(EXLCZ)9924267860900041 100 $a20221231d2022 uy 0 101 0 $aeng 135 $aurcnu|||||||| 181 $ctxt$2rdacontent 182 $cc$2rdamedia 183 $acr$2rdacarrier 200 00$aCisgenic crops $epotential and prospects /$fAnurag Chaurasia and Chittaranjan Kole, editors 210 1$aCham, Switzerland :$cSpringer,$d[2022] 210 4$d©2022 215 $a1 online resource (297 pages) 225 1 $aConcepts and strategies in plant sciences 311 08$aPrint version: Chaurasia, Anurag Cisgenic Crops: Potential and Prospects Cham : Springer International Publishing AG,c2022 9783031066276 320 $aIncludes bibliographical references and index. 410 0$aConcepts and strategies in plant sciences. 606 $aCrops$xGenetic engineering 606 $aTransgenic plants 606 $aOrganic farming 615 0$aCrops$xGenetic engineering. 615 0$aTransgenic plants. 615 0$aOrganic farming. 676 $a631.5233 702 $aChaurasia$b Anurag 702 $aKole$b Chittaranjan 801 0$bMiAaPQ 801 1$bMiAaPQ 801 2$bMiAaPQ 906 $aBOOK 912 $a9910584480703321 996 $aCisgenic crops$92998886 997 $aUNINA LEADER 00978nam a22002411i 4500 001 991002863819707536 005 20030813114528.0 008 030925s1921 it |||||||||||||||||ita 035 $ab12347681-39ule_inst 035 $aARCHE-039522$9ExL 040 $aBiblioteca Interfacoltà$bita$cA.t.i. Arché s.c.r.l. Pandora Sicilia s.r.l. 082 04$a726.5094 100 1 $aMaggiulli, Pasquale$037876 245 13$aLa basilichetta bizantina di S. Salvatore in Giurdignano /$cP. Maggiulli 260 $aMatino :$btip. Donato Siena,$c1921 300 $a1 v. ;$c21 cm 650 4$aGiurdignano$xBasilica di San Salvatore 907 $a.b12347681$b02-04-14$c08-10-03 912 $a991002863819707536 945 $aLE002 Busta A 76/8 (Fondo Guerrieri)$g1$i2002000111142$lle002$o-$pE0.00$q-$rn$so $t0$u0$v0$w0$x0$y.i12751236$z08-10-03 996 $aBasilichetta bizantina di S. Salvatore in Giurdignano$9159400 997 $aUNISALENTO 998 $ale002$b08-10-03$cm$da $e-$fita$git $h3$i1